000 00788nam a22002417a 4500
005 20170814154459.0
010 _aENG-119801
020 _c750.00
_a8184541406
020 _c750.00
_a9788184541403
035 _aEN-103333
037 _bDBAD/PUB
082 _a954.022
245 _aHistoriography of the Mughal age /
_cedited by Amrita Grover, Anju Grover Chaudhary [and] J.C. Dua
260 _aDelhi
_bOriginal
_c2014
270 _aA-6,2nd Floor,Nimri Commercial Center,Ashok Vihar Phase 4,
_bDelhi
_e110052
300 _axxv,293p.
_c22cm(Hb)
500 _aIncludes index
505 _aCollected work of Professor B.R. Grover : vol.vii
700 _aGrover,Amrita
700 _aGrover Chaudhary,Anju
700 _aDua,J.C.
942 _2ddc
_cEN
_h954.022
_mHIS
999 _c143346
_d143346